| 000 | 01164nam0a2200325 4500 | ||
|---|---|---|---|
| 001 | RU\NLR\BIBL_A\011661737 | ||
| 005 | 20260319111018.0 | ||
| 010 | _a978-5-353-08747-2 | ||
| 021 |
_aRU _bКН-П-18-012223 _9КН-П-18-0869 |
||
| 035 | _a(NLR Aleph) 011661737 | ||
| 035 | _a(RuMoRGB)009548684 | ||
| 090 |
_a11185612 _c11185612 |
||
| 100 | _a20180321d2018 d y0rusy50 ca | ||
| 101 | 0 | _arus | |
| 102 | _aRU | ||
| 105 | _aa|||z|||000ay | ||
| 200 | 1 |
_aЭрхегорд _iСтарая дорога _e[роман _eдля среднего школьного возраста] _fЕвгений Рудашевский |
|
| 210 |
_aМосква _cРОСМЭН _d2018 |
||
| 215 |
_a395, [2] с. _cил. _d21 |
||
| 225 | 1 |
_aЭрхегорд _vкн. 2 |
|
| 300 | _aНа авантит.: In angello cum libello | ||
| 686 |
_aШ9(2)6=Р72-45 _2rubbk |
||
| 686 | 0 | _aШ9(2)62=Р7-4 | |
| 700 | 1 |
_7ca _8rus _aРудашевский _bЕ. В. _f1987- _gЕвгений Всеволодович _92701213 _3RU\NLR\AUTH\770291193 |
|
| 942 | _cBOOK | ||
| 980 | _aNBR | ||
| 980 | _aNB | ||